Gender, reflected appraisals, and labeling: A cross-group test of an interactionist theory of delinquency

Gespeichert in:  
Bibliographische Detailangaben
VerfasserInnen: Bartusch, Dawn Jeglum (Verfasst von) ; Matsueda, Ross L. 1955- (Verfasst von)
Medienart: Elektronisch Aufsatz
Sprache:Englisch
Veröffentlicht: 1996
In: Social forces
Jahr: 1996, Band: 75, Heft: 1, Seiten: 145-176
Online-Zugang: Volltext (lizenzpflichtig)
Verfügbarkeit prüfen: HBZ Gateway

MARC

LEADER 00000caa a22000002c 4500
001 1912566540
003 DE-627
005 20250126055010.0
007 cr uuu---uuuuu
008 241217s1996 xx |||||o 00| ||eng c
035 |a (DE-627)1912566540 
035 |a (DE-599)KXP1912566540 
040 |a DE-627  |b ger  |c DE-627  |e rda 
041 |a eng 
084 |a 2,1  |2 ssgn 
100 1 |a Bartusch, Dawn Jeglum  |e VerfasserIn  |0 (DE-588)1117938417  |0 (DE-627)871727749  |0 (DE-576)479395101  |4 aut 
109 |a Bartusch, Dawn Jeglum  |a Jeglum-Bartusch, Dawn R.  |a Jeglum Bartusch, Dawn R.  |a Bartusch, Dawn R. Jeglum  |a Bartusch, Dawn R. Jeglum-  |a Jeglum Bartusch, Dawn Renae 
245 1 0 |a Gender, reflected appraisals, and labeling: A cross-group test of an interactionist theory of delinquency 
264 1 |c 1996 
336 |a Text  |b txt  |2 rdacontent 
337 |a Computermedien  |b c  |2 rdamedia 
338 |a Online-Ressource  |b cr  |2 rdacarrier 
700 1 |a Matsueda, Ross L.  |d 1955-  |e VerfasserIn  |0 (DE-588)120702970X  |0 (DE-627)1693280299  |4 aut 
773 0 8 |i Enthalten in  |t Social forces  |d Oxford : Oxford Univ. Press, 1925  |g 75(1996), 1, Seite 145-176  |h Online-Ressource  |w (DE-627)330382675  |w (DE-600)2049434-8  |w (DE-576)103115706  |x 1534-7605  |7 nnas 
773 1 8 |g volume:75  |g year:1996  |g number:1  |g pages:145-176 
787 0 8 |i Forschungsdaten  |a Elliott, Delbert S.  |t National Youth Survey (United States): Wave III, 1978  |d [Erscheinungsort nicht ermittelbar] : [Verlag nicht ermittelbar], 1986  |w (DE-627)1840056029 
787 0 8 |i Forschungsdaten  |a Elliott, Delbert S.  |t National Youth Survey (United States): Wave II, 1977  |d [Erscheinungsort nicht ermittelbar] : [Verlag nicht ermittelbar], 1985  |w (DE-627)1840056061 
787 0 8 |i Forschungsdaten  |a Elliott, Delbert S.  |t National Youth Survey (United States): Wave I, 1976  |d [Erscheinungsort nicht ermittelbar] : [Verlag nicht ermittelbar], 1985  |w (DE-627)1840056118 
856 4 0 |u http://www.jstor.org/stable/2580760  |x Verlag  |z lizenzpflichtig  |3 Volltext  |7 1 
935 |a mkri 
951 |a AR 
ELC |a 1 
LOK |0 000 xxxxxcx a22 zn 4500 
LOK |0 001 4637532043 
LOK |0 003 DE-627 
LOK |0 004 1912566540 
LOK |0 005 20241217044518 
LOK |0 008 241217||||||||||||||||ger||||||| 
LOK |0 035   |a (DE-2619)ICPSR2976 
LOK |0 040   |a DE-2619  |c DE-627  |d DE-2619 
LOK |0 092   |o n 
LOK |0 852   |a DE-2619 
LOK |0 852 1  |9 00 
LOK |0 935   |a nacp 
LOK |0 939   |a 17-12-24  |b l01 
ORI |a SA-MARC-krimdoka001.raw